| 000 | 00504cam a2200193 4500 | ||
|---|---|---|---|
| 001 | D8814 | ||
| 008 | 090401t1979 xxu||||| |||| 00| 0 eng d | ||
| 035 | _a(Sirsi) u94737 | ||
| 041 | _aeng | ||
| 050 | _a692.8 | ||
| 100 | _aSmith, Robert G | ||
| 245 | _aFactors to be considered in tendering for overseas work | ||
| 260 |
_aAscot, Berks _bInstitute of Building _c1979 |
||
| 300 | _a6p. 30cm | ||
| 350 | _a0 | ||
| 490 |
_aIOB Estimating Information Service _v32 |
||
| 942 | _n0 | ||
| 948 | _c04/03/1997 | ||
| 999 |
_c98159 _d98159 |
||